Nové kapacity pre špičkový výskum
Prvá etapa Centra aplikovaného výskumu nových materiálov a transferu technológií. Špecializované laboratóriá, technologické zariadenia a diagnostické prístroje. Kvalitný výskum a nové možnosti pre vysoké školy.
Saved in:
| Main Author: | |
|---|---|
| Format: | Book Chapter |
| Language: | Slovak |
| Subjects: | |
| Tags: |
No Tags, Be the first to tag this record!
|
MARC
| LEADER | 00000naa a2200000 4500 | ||
|---|---|---|---|
| 001 | 0185678 | ||
| 005 | 20231011123554.9 | ||
| 041 | 0 | |a slo | |
| 044 | |a SK | ||
| 245 | 1 | 0 | |a Nové kapacity pre špičkový výskum |c Marián Hudec |
| 520 | |a Prvá etapa Centra aplikovaného výskumu nových materiálov a transferu technológií. Špecializované laboratóriá, technologické zariadenia a diagnostické prístroje. Kvalitný výskum a nové možnosti pre vysoké školy. | ||
| 610 | 2 | 0 | |a výskum aplikovaný |
| 610 | 2 | 0 | |a spolupráca vedeckovýskumná |
| 610 | 2 | 0 | |a školy vysoké |
| 610 | 2 | 0 | |a financovanie vývoja |
| 610 | 2 | 0 | |a efektívnosť výskumu |
| 100 | 1 | |a Hudec, Marián | |